An Intoduction on fungal endophytes / (Record no. 41840)

MARC details
000 -LEADER
fixed length control field 00700nam a22002057a 4500
005 - DATE AND TIME OF LATEST TRANSACTION
control field 20100814120216.0
010 ## - LCCN (DPL NO)
LC control number ENG-100289
020 ## - INTERNATIONAL STANDARD BOOK NUMBER
Terms of availability 50.00
035 ## - SYSTEM CONTROL NUMBER
System control number EN-83821
037 ## - SOURCE OF ACQUISITION
Source of stock number/acquisition DBAD/PUB
082 ## - DEWEY DECIMAL CLASSIFICATION NUMBER
Classification number 632.952
100 ## - MAIN ENTRY--PERSONAL NAME
Personal name Sankaran,B
245 ## - TITLE STATEMENT
Title An Intoduction on fungal endophytes /
Statement of responsibility, etc by B Sankaran
260 ## - PUBLICATION, DISTRIBUTION, ETC. (IMPRINT)
Place of publication, distribution, etc Chennai
Name of publisher, distributor, etc Today Publications
Date of publication, distribution, etc 2007
270 ## - ADDRESS
Address 192 Bells Road
City Chennai
Postal code 600005
300 ## - PHYSICAL DESCRIPTION
Extent 72p
Dimensions 19cm(pbk)
500 ## - GENERAL NOTE
General note includes references
942 ## - ADDED ENTRY ELEMENTS (KOHA)
Source of classification or shelving scheme Dewey Decimal Classification
Item type English Books
Classification part 632.952
Call number suffix B Sankaran
Holdings
Withdrawn status Lost status Not for loan Collection code Home library Current library Date acquired Source of acquisition Cost, normal purchase price Full call number Barcode Copy number Cost, replacement price Koha item type
    Not For Loan Non-fiction D.B.Act.Division D.B.Act.Division 14/08/2010 DBAD/PUB 50.00 632.952 B Sankaran EN-83821 1 50.00 English Books

© Delhi Public Library
Hit Counter
free hit counter